Responses for show #4101 - Monday, June 3, 2002

Jill Bunzendahl Chimka game 5.

Contestants

Marc Beebe, an education evaluator from Highland Park, New Jersey

Shari Flynn, an elementary school teacher from Mount Rainier, Maryland

Jill Bunzendahl Chimka, a speech and language pathologist from Washington, D.C. (whose 4-day cash winnings total $85,099)

Jeopardy! Round responses

THE ELEMENTS
AMERICA'S SWEETHEARTS
THE DAMON RUNYON STORY
H.R.
PUFFIN
STUFF
    $200 2
calcium

Shari
    $200 1
Paul Newman & Joanne Woodward

Marc
    $200 26
Shirley Temple

Marc
    $200 17
home run

Marc
    $200 12
seagulls

Triple Stumper
    $200 7
pajamas

Marc
    $400 3
sulfur

Shari
    $400 22
Roy Rogers & Dale Evans

Marc
    $400 27
Spanish-American War

Marc
    $400 18
harness racing

Marc
    $400 13
Maine

Marc
    $400 8
skates

Jill
    $1,000 4
mercury

Shari
    $600 23
Bogie and Bacall

Marc
    $600 28
Jack Dempsey

Marc
    $600 19
high rollers

Marc
    $600 14
Scotland

Shari
    $600 9
gumbo

Marc
    $800 5
iron (nickel & cobalt)

Shari
    $800 24
Carole Lombard

Triple Stumper
    $800 29
Hearst

Shari
    $800 20
Holy Roman Emperor

Shari
    $800 15
Iceland

Marc
    $800 10
bridge

Shari
    $1000 6
zinc

Marc
    $1000 25
(Jill: Who are Mary Pickford and Douglas Fairbanks, Jr.?)
...
(Marc: Thanks, Jill.)

Mary Pickford & Douglas Fairbanks, Sr.

JillMarc
    $1000 30
Eddie Rickenbacker

Triple Stumper
    $1000 21
Hampton Roads

Marc
    $1000 16
brother (friar)

Shari
    $1000 11
shares

Marc

Scores at the first commercial break (after clue 15):

Jill Shari Marc
$400 $3,800 $4,200

Scores at the end of the Jeopardy! Round:

Jill Shari Marc
-$600 $6,400 $9,600

Double Jeopardy! Round responses

STATES OF THE UNION
CLASSIC FILMS IN OTHER WORDS
G.I. KNOW
DOWN FOR THE LESSER-KNOWN COUNT
DANCES
"O" YES!
    $400 1
Idaho

Jill
    $400 16
A Streetcar Named Desire

Marc
    $400 24
1941

Marc
    $400 21
(Marc: Who is Wagner?)

Ludwig van Beethoven

Marc
Triple Stumper
    $400 11
Texas

Marc
    $400 6
Orion

Shari
    $800 2
Alaska

Marc
    $800 17
Titanic

Marc
    $800 25
(Jill: What is the Geneva Accord?)
(Alex: Yes--no, we can't accept that.)
...
(Alex: The Accords are something else.)

Geneva Convention

JillShari
    $800 22
Russia

Triple Stumper
    $800 12
reel

Triple Stumper
    $800 7
oboe

Shari
    $1200 3
Nevada

Marc
    $1200 18
Ordinary People

Jill
    $1200 26
close order drill

Triple Stumper
    $1200 23
(Marc: What is Sweden?)
(Jill: What is the Netherlands?)
(Shari: What's Norway?)
[Initially ruled incorrect; reversed before the reveal of the Final Jeopardy! clue]

Denmark

JillShariMarc
    $1200 13
(Marc: What are the hippos?)
...
(Alex: Hippos might have been dancing. I can't remember; it's been a long time since I've seen Fantasia.)

the Hours

Marc
Triple Stumper
    $1200 8
obelisk

Shari
    $1600 4
Indiana, Oklahoma (Delaware & Hawaii)

Jill
    $1600 19
Schindler's List

Marc
    $1600 27
rapid deployment force

Marc
    $1600 28
Hungary

Shari
    $1600 14
Cotton-Eyed Joe

Jill
    $1600 9
ouija board

Jill
    $1,400 5
Florida

Jill
    $2000 20
Leaving Las Vegas

Shari
    $2000 30
The Art of War

Marc
    $2000 29
Luxembourg

Shari
    $3,000 15
(Jill: What is the Havana?)

Habanera

Jill
    $2000 10
oscillate

Marc

Scores at the end of the Double Jeopardy! Round:

Jill Shari Marc
$2,200 $16,400 $18,000

[wagering suggestions for these scores]

Final Jeopardy! Round responses

FRANCE
(Alex: She's going away with $85,099; we know that. She's won that already. If she finishes in second place she'll pick up 2 grand; in third place, $1,000. Jill's response was... [response revealed, amid laughter] Oh, okay. So you lose everything today but a dollar.)
JillWhat is Sorry Cory no Jag?
$2,199
ShariWhat is Brittany
$11,000
MarcWhat is Normandy?
$14,900
Brittany

Final scores:

Jill Shari Marc
$1 $27,400 $3,100
3rd place: $1,000 New champion: $27,400 2nd place: $2,000

Game dynamics:

Coryat scores:

Jill Shari Marc
$5,800 $16,000 $18,000
7 R
(including 1 DD),
4 W
(including 1 DD)
17 R
(including 1 DD),
0 W
27 R,
3 W

Combined Coryat: $39,800

The J! Archive is created by fans, for fans. The Jeopardy! game show and all elements thereof, including but not limited to copyright and trademark thereto, are the property of Jeopardy Productions, Inc. and are protected under law. This website is not affiliated with, sponsored by, or operated by Jeopardy Productions, Inc. Join the discussion at JBoard.tv.